Soft skills for aspiring leaders / (Record no. 55464)

MARC details
000 -LEADER
fixed length control field 00947nam a22002537a 4500
005 - DATE AND TIME OF LATEST TRANSACTION
control field 20110810113757.0
008 - FIXED-LENGTH DATA ELEMENTS--GENERAL INFORMATION
fixed length control field 110810t xxu||||| |||| 00| 0 eng d
010 ## - LCCN (DPL NO)
LC control number ENG-103458
020 ## - INTERNATIONAL STANDARD BOOK NUMBER
International Standard Book Number 9788179662366
Terms of availability 150.00
035 ## - SYSTEM CONTROL NUMBER
System control number EN-86991
037 ## - SOURCE OF ACQUISITION
Source of stock number/acquisition DBAD/PUB
040 ## - CATALOGING SOURCE
Original cataloging agency DPL
Language of cataloging Eng
082 ## - DEWEY DECIMAL CLASSIFICATION NUMBER
Classification number 378.12068
100 ## - MAIN ENTRY--PERSONAL NAME
9 (RLIN) 31629
Personal name Anuradha Ajit
245 ## - TITLE STATEMENT
Title Soft skills for aspiring leaders /
Statement of responsibility, etc by Anuradha Ajit ; illustrated by Laxmi Pillai
260 ## - PUBLICATION, DISTRIBUTION, ETC. (IMPRINT)
Place of publication, distribution, etc Chennai
Name of publisher, distributor, etc Emerald Publishers
Date of publication, distribution, etc 2009
270 ## - ADDRESS
Address 15A, First Floor, Casa major road, Egmore
City Chennai
Telephone number 91-44- 28193206
Postal code 600018
Electronic mail address info@emeraldpublishers.com
300 ## - PHYSICAL DESCRIPTION
Extent 245p. :
Dimensions 22cm (pbk)
Other physical details ill
650 ## - SUBJECT ADDED ENTRY--TOPICAL TERM
9 (RLIN) 31639
700 ## - ADDED ENTRY--PERSONAL NAME
9 (RLIN) 31640
Personal name Pillai, Laxmi
700 ## - ADDED ENTRY--PERSONAL NAME
9 (RLIN) 32879
942 ## - ADDED ENTRY ELEMENTS (KOHA)
Source of classification or shelving scheme Dewey Decimal Classification
Item type English Books
Call number suffix ANU
Classification part 378.12068
Holdings
Withdrawn status Lost status Source of classification or shelving scheme Damaged status Not for loan Collection code Home library Current library Date acquired Source of acquisition Cost, normal purchase price Total Checkouts Full call number Barcode Date last seen Copy number Cost, replacement price Koha item type
    Dewey Decimal Classification   Not For Loan Non-fiction D.B.Act.Division D.B.Act.Division 16/08/2011 DBAD / PUB 150.00   378.12068ANU EN-86991 16/08/2011 1 150.00 English Books

© Delhi Public Library
Hit Counter
free hit counter